00436 2200157 4500001002100000005001500021035002000036245010100056100001900157300001100176260003500187082000800222084001400230020002200244990001200266INLIS00000000000165320250429084403 a0010-04250000691 aDimana Allah? :bMengupas Permasalahan, Menepis Kerancuan dan Menjawab Tuduhan /cAbu Ubaidah Y.0 aAbu Ubaidah Y. a84 hlm aBogor :bMedia Tarbiyah,c2011 a297 a297 ABU d a978-979-2658-61-3 a0754685